000
00331nam a2200169Ia 4500
100
_a
Jhamb/L.C
650
_a
Management
250
_a
18
942
_c
BK
366
_f
20
245
_a
Production Operations Management
260
_b
#N/A
_c
2017
082
_a
658.5
_b
JHA
300
_a
708
546
_a
ENGLISH
999
_c
31859
_d
31859